000 00688cam a22001691 4500
001 000016360
005 20200929164405.0
008 790227m19591960mx 000 0 spa
040 _aDO-SdBNP
_bspa
_cBNPHU
082 _axxxx
_bD722
245 0 4 _aLos dos primeros poetas coloniales ecuatorianos, siglos XVII y XVIII :
_bAntonio de Bastidas, Juan Bautista Aguirre.
260 _aPuebla, Mexico, :
_bJ. M. Cajica, Jr.,
_c1959.
300 _a599 p. ;
_c22 cm.
490 1 _aBiblioteca ecuatoriana minima.
_aLa colonia y la república
504 _aIncluye referencias bibliográficas y notas al pie de las páginas
830 0 _aBiblioteca ecuatoriana minima.
_aLa colonia y la república
_93109
999 _c15895
_d15895